000
00298nam a2200121Ia 4500
008
220217s9999||||xx |||||||||||||| ||und||
082
_a
510 CHA
100
_a
D.S.C
245
0
_a
Engineering mathematics I
260
_a
Prisam books
_b
Bangalore
_c
2004
300
_b
200
650
_a
MATHEMATICS
999
_c
172807
_d
172807